Geography Quiz

Random Geography or World Quiz

World Pig Population Quiz Stats

 Plays Quiz Updated Jun 20, 2018

Score 0/20 Timer 05:00
19 Plays Today
Rank Country % Correct
2United States
98.9%
1China
96.9%
8Mexico
90.3%
7Russia
90.2%
10France
90.2%
=4Germany
89.6%
3Brazil
88.8%
12Canada
88.7%
11India
86.7%
6Spain
84.9%
Rank Country % Correct
17Italy
81.3%
16Japan
80.9%
9Poland
68.1%
20Ukraine
55.2%
=4Vietnam
55%
18South Korea
54.4%
19Thailand
51.8%
14Denmark
46.9%
15Netherlands
45.8%
13Philippines
36.5%

You're not logged in!

Compare scores with friends on all Sporcle quizzes.
OR
Log In

Sporcle TV

Today on Sporcle TV


Watch our educational content, quiz creation guides, and fun videos on Sporcle TV.

Show Comments

Extras

Top Quizzes Today


Score Distribution

Your Account Isn't Verified!

In order to create a playlist on Sporcle, you need to verify the email address you used during registration. Go to your Sporcle Settings to finish the process.

Report this User

Report this user for behavior that violates our Community Guidelines.

Details: